| 000 | 00345 a2200121 4500 | ||
|---|---|---|---|
| 001 | 12701 | ||
| 082 | _a621.382522 ILC | ||
| 090 |
_c9697 _d9697 |
||
| 100 | _aIlcev S.D | ||
| 245 | _aGlobal Mobile satellite communications : For Maritime ,land and Aeronautical applications | ||
| 260 |
_aneitherlans _bSpringer _c2005 |
||
| 300 | _axxiv, 494 | ||
| 942 |
_aNUST-CAE _k621.382522 ILC |
||
| 999 |
_c247774 _d247774 |
||